000 00914nam a2200265Ia 4500
003 OSt
005 20220923211114.0
006 a|||||r|||| 00| 0
007 ta
008 220922b |||||||| |||| 00| 0 hin d
020 _a8181432355 (hbk)
_c150
024 _a242,768
037 _b488, 03/03/2010, Vani Prakashan
_cTextual
040 _aARTS
_cARTS
_bhin
041 _2hin
_ahin
082 _aO152,2N23,EA, P4
100 _aहबीब तनवीर
245 0 _aएक औरत हिपेशिया भी थी
246 _aEk aurat puneshiyā bhī thī
260 _aनयी दिल्ली
_b वाणी प्रकाशन
_c2004
300 _a87पृ.
_ccm.
650 _aहिन्दी साहित्य
_9156264
942 _hO152,2N23,EA, P4
_cTEXL
_2CC
999 _c295301
_d295301